LEADER 00730nab a2200133 i 4500 001 000000329787 003 CaOOAMICUS 005 20180831173626.0 008 180831n it uu u0 0ita r 013 $a41472 040 $aSeMil$bita 245 10$aComunità Propedeutica e del Biennio Teologico. La Chiesa russa a cento anni dalla Rivoluzione d'ottobre. Tra cattolici e ortodossi il dialogo è possibile. - In [rubrica] :$bNotizie dal Seminario. 773 0 $t«Chiesa dalle genti».$gp.24-25$w()291963 996 $6245$aComunità Propedeutica e del Biennio Teologico. La Chiesa russa a cento anni dalla Rivoluzione d'ottobre. Tra cattolici e ortodossi il dialogo è possibile. - In [rubrica] :$bNotizie dal Seminario.$9(OLS)http://semarc/title/418253 LEADER 01042nam a2200217 i 4500 001 000000194755 003 CaOOAMICUS 005 20101124000000.0 008 101124s1920 it u000 u ita u 013 $a173416 040 $aSeMil$bita 100 1 $aTroisi, Angelo.$0(OLS)http://semarc/name/55750 245 10$aVita della beata Luisa di Marillac Vedova le Gras :$bConfondatrice della compagnia delle Figlie della Carità /$cAngelo Troisi prete della missione. 260 $aRoma :$bTipografia Poliglotta Vaticana,$c1920. 300 $aXII, 362 p. ;$c25 cm. 500 $aContiene : Appendice. 600 04$aLuisa : di Marillac .$0(OLS)http://semarc/subject/9821 850 $aSeMil 852 $aSeMil$W1$xVenegono$y1$m3J VI 62$j145326$B145326$CSeMilBibl$Z2$F156829 $81 996 $6245$aVita della beata Luisa di Marillac Vedova le Gras :$bConfondatrice della compagnia delle Figlie della Carità$9(OLS)http://semarc/title/280861 996 $6260$aRoma :$bTipografia Poliglotta Vaticana$9(OLS)http://semarc/publisher/30471 LEADER 01090nam a2200289 i 4500 001 000000113707 003 CaOOAMICUS 005 20031028000000.0 008 031028s1995 it u000 u ita u 013 $a86393 020 $a88-315-1042-8 040 $aSeMil$bita 100 1 $aAgasso, Renzo <1953- >.$0(OLS)http://semarc/name/24442 245 10$aPreti :$bin prima linea su tutti i fronti /$cRenzo Agasso. 260 $aMilano :$bPaoline,$ccopyr. 1995. 300 $a195 p. ;$c22 cm. 490 0 $aScaffale 500 $aFondo Card. C.M. Martini. 650 4$aSacerdoti - Biografie.$0(OLS)http://semarc/subject/16615 830 0$aScaffale.$0(OLS)http://semarc/title/13201 850 $aSeMil 852 $aSeMil$W1$xVenegono$y1$m3G II 127$j69367$B69367$CSeMilBibl$Z2$F97809 $81 941 1 $a4 961 $aOmaggio: Martini Card. Carlo Maria 996 $6020$a88-315-1042-8$9(OLS)http://semarc/number/96777 996 $6245$aPreti :$bin prima linea su tutti i fronti$9(OLS)http://semarc/title/166070 996 $6260$aMilano :$bPaoline$9(OLS)http://semarc/publisher/29684